| 000 | 00731cab a2200229 4500 | ||
|---|---|---|---|
| 001 | WB2849-06 | ||
| 008 | 090401t1992 xxu||||| |||| 00| 0 eng d | ||
| 035 | _a(Sirsi) u44546 | ||
| 041 | _aeng | ||
| 245 | 4 | _aThe threat within these walls | |
| 260 | _c1992 | ||
| 350 | _a0 | ||
| 490 |
_aScotsman _v10 December 1992, 25(1) |
||
| 520 | _aRentokil is warning that the practice of rendering of exterior walls may be hiding a growing problem, wall tie failure. | ||
| 650 | _aBUILDING DEFECTS | ||
| 650 | _aCAVITY WALLS | ||
| 650 | _aWALL TIE FAILURE | ||
| 650 | _aBUILT ENVIRONMENT-BUILDING ELEMENTS-COMPLETE BUILDING ELEMENTS-WALLS | ||
| 690 | _aBUILT ENVIRONMENT-CONSTRUCTION DESIGN | ||
| 942 | _n0 | ||
| 948 | _c04/03/1997 | ||
| 999 |
_c28311 _d28311 |
||